iPhoto '08 for Mac OS X : Visual QuickStart Guide /

Visual QuickStart Guide -the quick and easy way to learn! With iPhoto '08 for Mac OS X: Visual QuickStart Guide , readers can start from the beginning to get a tour of the applications, or look up specific tasks to learn just what they need to know. This task-based, visual guide uses step-by-s...

Full description

Bibliographic Details
Main Author: Engst, Adam (Author)
Corporate Author: Safari, an O'Reilly Media Company
Format: eBook
Language:English
Published: Peachpit Press, 2007.
Edition:1st edition.
Subjects:
Online Access:Connect to this electronic resource

MARC

Tag First Indicator Second Indicator Subfields
LEADER 00000uam a2200000 a 4500
001 in00004252221
005 20260128220957.6
006 m o d
007 cr cn
008 100513s2007 xx o eng
020 |z 9780321549815 
020 |z 0321501888 
020 |z 9780321501882 
020 |z 0321549813 
035 |a (CaSebORM)9780321549815 
040 |d UtOrBLW 
041 0 |a eng 
100 1 |a Engst, Adam,  |e author. 
245 1 0 |a iPhoto '08 for Mac OS X :  |b Visual QuickStart Guide /  |c Engst, Adam. 
250 |a 1st edition. 
264 1 |b Peachpit Press,  |c 2007. 
300 |a 1 online resource (224 pages) 
336 |a text  |b txt  |2 rdacontent 
337 |a computer  |b c  |2 rdamedia 
338 |a online resource  |b cr  |2 rdacarrier 
347 |a text file 
520 |a Visual QuickStart Guide -the quick and easy way to learn! With iPhoto '08 for Mac OS X: Visual QuickStart Guide , readers can start from the beginning to get a tour of the applications, or look up specific tasks to learn just what they need to know. This task-based, visual guide uses step-by-step instructions and hundreds of full-color screenshots to teach beginning and intermediate users how to make the most out of their digital photos with iPhoto '08. Perfect for anyone who needs to learn the program inside out, this guide covers everything from importing, tagging, editing, and perfecting images to creating slideshows and photo albums to easy online Web publishing. Readers will learn about everything new in iPhoto '08, including automatically organizing photos by event; new editing tools that allow the user to paste a set of adjustments from one photo into another; creating new hardcover photo books, large-font calendars, and more; sharing photos via the .Mac Web Gallery; printing high-quality, frame-worthy photos with colored textures, borders, and mattes; and much more. 
533 |a Electronic reproduction.  |b Boston, MA :  |c Safari,  |n Available via World Wide Web.  |d 2008. 
538 |a Mode of access: World Wide Web. 
542 |f Copyright 2008 TidBITS Publishing Inc.  |g 2008 
588 |a Online resource; Title from title page (viewed December 14, 2007) 
500 |a Electronic resource. 
655 7 |a Electronic books.  |2 local 
710 2 |a Safari, an O'Reilly Media Company. 
856 4 0 |u https://proxy.library.tamu.edu/login?url=https://go.oreilly.com/TAMU/library/view/-/9780321549815/?ar  |z Connect to this electronic resource  |t 0 
999 f f |s e67b1559-02d6-35d4-8a2f-2236e5aabbca  |i d1b17a5a-c112-3126-8ac7-cfc05f8b4041  |t 0 
952 f f |a Texas A&M University  |b College Station  |c Electronic Resources  |s www_evans  |d Available Online  |t 0  |h No information provided 
998 f f |t 0  |l Available Online